| 000 | 00817nmm a2200253 a 4500 | ||
|---|---|---|---|
| 001 | ocm000714337 | ||
| 003 | TR-IsHL | ||
| 005 | 20201028153644.0 | ||
| 008 | 140402s2008 tu tur | ||
| 007 | cr cn | ||
| 020 | _a9789754827798 | ||
| 035 |
_a714337 _b(N$T) |
||
| 050 | 0 | 4 |
_aKKX2978 _b.M43 2008 |
| 090 | 0 | 4 |
_aKKX2978 _b.M43 2008 |
| 245 | 1 | 0 |
_aMecmua Ankara hukuk fakültesi öğrencilerinin fakültelerine armağanı _h[electronic resource] |
| 260 |
_aAnkara : _bAnkara Üniversitesi Hukuk Fakültesi, _c2008 |
||
| 300 | _a72 p. | ||
| 650 | 4 | _aHukuk | |
| 650 | 4 | _aLaw | |
| 650 | 0 |
_aHukuk _x Dergiler _x Türkiye |
|
| 650 | 0 |
_aLaw _x Magazines _x Turkey |
|
| 650 | 7 |
_aLAW / General _2bisacsh |
|
| 856 | 4 | 0 | _uhttp://search.ebscohost.com/login.aspx?direct=true&scope=site&db=e011xww&AN=714337 |
| 999 |
_c12162 _d12162 |
||